Music Quiz

Random Music or Numbers Quiz

George Strait #1s Quiz Stats

 Plays Quiz Updated Mar 23, 2020

     
Support Sporcle.
Go Orange.
Score 0/50 Timer 08:00
0 Plays Today
Year Song % Correct
Disc 2Check Yes Or No
58.9%
Disc 1The Chair
53.5%
Disc 1Ocean Front Property
46.8%
Disc 1All My Ex's Live In Texas
41.7%
Disc 2Carrying Your Love With Me
41.4%
Disc 1Baby Blue
40.9%
Disc 2Heartland
40.2%
Disc 1I Cross My Heart
39.7%
Disc 2Write This Down
36.4%
Disc 2Blue Clear Sky
36.2%
Disc 2Run
33%
Disc 1You Look So Good In Love
30.6%
Disc 1Love Without End, Amen
28.7%
Disc 1Fool Hearted Memory
28.5%
Disc 2Carried Away
28.1%
Disc 2I Can Still Make Cheyenne
27.7%
Disc 2She'll Leave You With A Smile
26.8%
Disc 1Does Fort Worth Ever Cross Your Mind
25.5%
Disc 2The Best Day
24.3%
Disc 1Ace In The Hole
24%
Disc 2Easy Come, Easy Go
23.7%
Disc 2TRUE
22.9%
Disc 1Baby's Gotten Good At Goodbye
22.8%
Disc 1If I Know Me
20.7%
Disc 1You Know Me Better Than That
20.1%
Year Song % Correct
Disc 1A Fire I Can't Put Out
20.1%
Disc 1Right Or Wrong
20%
Disc 1Am I Blue
19.7%
Disc 2I Just Want To Dance With You
19.7%
Disc 1The Chill Of An Early Fall
18.2%
Disc 1So Much Like My Dad
18.2%
Disc 2Living And Living Well
18.2%
Disc 2Lead On
18%
Disc 1Let's Fall To Pieces Together
17.9%
Disc 1Famous Last Words Of A Fool
16.6%
Disc 2The Big One
16.4%
Disc 2Go On
16.4%
Disc 2One Night At A Time
16.3%
Disc 2The Man In Love With You
16.1%
Disc 2You Can't Make A Heart Love Somebody
15.9%
Disc 1Nobody In His Right Mind Would've Left Her
15.7%
Disc 1It Ain't Cool To Be Crazy About You
15.2%
Disc 2We Really Shouldn't Be Doing This
15.1%
Disc 2Today My World Slipped Away
14.7%
Disc 2I'd Like To Have That One Back
14.4%
Disc 1I've Come To Expect It From You
14.3%
Disc 2Round About Way
14.1%
Disc 1What's Going On In Your World
13.3%
Disc 2I Know She Still Loves Me
12.6%
Disc 1If You Ain't Lovin' (You Ain't Livin')
11.6%

From the Vault

'UN' or 'IN' A-Z

by BrewCrew88

So inordinately negative! That's just uncalled-for.
Remove Ads.
Support Sporcle.
Get the best of Sporcle when you Go Orange. This ad-free experience offers more features, more stats, and more fun while also helping to support Sporcle. Thank you for becoming a member.

Show Comments

Extras

Top Quizzes Today


Score Distribution

Your Account Isn't Verified!

In order to create a playlist on Sporcle, you need to verify the email address you used during registration. Go to your Sporcle Settings to finish the process.

Report this User

Report this user for behavior that violates our Community Guidelines.

Details: